000 00621nam a2200241 i 4500
001 C2-0330128
003 PPAK
005 20180728131012.0
008 150318s2009 enk |||| ||||| | eng d
020 _a9780007290802
040 _aPPAK
_beng
_cPPAK
_erda
082 0 4 _a823
_223
090 0 0 _a823
_bLAM
_dG
100 1 _aLamb, Wally,
_eauthor
245 1 4 _aThe hour I first believed
264 1 _aLondon :
_bHarper ,
_c2009
300 _avi, 632 pages ;
_c20 cm
336 _2rdacontent
_atext
337 _2rdamedia
_aunmediated
338 _2rdacarrier
_avolume
650 1 0 _aEnglish fiction.
942 _ddc
_cB
999 _c129230
_d129230